MARC

LEADER 00000nam a2200000Ia 4500
001 12542
008 160829s2000 xx 000 0 cat d
080 |a M-3-382 
245 |a Comunitats de propietaris (nova legislació). Activitats de prestació de serveis a domicili 
260 |a Barcelona :  |b Diputació. Servei de Salut Pública i Consum,  |c 2000 
300 |a 51 p. ;  |c 21 cm 
490 |a Consum ; 9 
650 |a Comunitats de propietaris  |x Dret i legislació  |x Espanya   |9 31467 
650 |a Habitatges  |x Manteniment i reparació  |x Dret i legislació  |x Espanya  |9 50380 
710 |a Barcelona (Catalunya : Província).  |b Servei de Salut Pública i Consum  |9 8151 
901 |a Arxiu 
942 |n 1 
952 |0 0  |1 0  |4 0  |6 M3382  |7 1  |9 45611  |a Arxiu  |b Arxiu  |d 2016-12-01  |l 0  |o M-3-382  |p 12542  |r 2016-12-01 00:00:00  |w 2016-12-01  |y ARXIU 
999 |c 49110  |d 49110